000 00286nam a2200109Ia 4500
008 200302s9999 xx 000 0 und d
100 _aF. Abdul rahim
245 _aThesis Writing A Manual for Researchers
260 _bNew Age International (p) Ltd.,
260 _c1996
300 _a141 P.,
999 _c2574
_d2574